| 000 | 00419nam a2200157 i 4500 | ||
|---|---|---|---|
| 001 | 65270 | ||
| 003 | ES-MaACL | ||
| 005 | 20230906165333.0 | ||
| 007 | t| | ||
| 008 | 040112s1958 xxu ||||1| eng d | ||
| 100 | 1 |
_aFreeman, J. J. _952427 |
|
| 245 | 1 | 0 |
_aPrinciples of noise / _cJ.J. Freeman. |
| 260 |
_a[New York : _bJohn Wiley, _c1958] |
||
| 300 |
_a299 p. : _bil. ; _c24 cm. |
||
| 852 |
_aES-MaACL _jC-15390 _bR.43335 |
||
| 999 |
_c65270 _d65270 |
||